ბათუმის შოთა რუსთაველის სახელმწიფო უნივერსიტეტის ბიბლიოთეკა

თარგმანების კრებული / (ბიბ.ჩანაწერი № 54456)

000 -ლიდერი
ფიქსირებული სიგრძის საკონტროლო ველი 01522nam a2200301Ia 4500
001 - საკონტროლო ნომერი
საკონტროლო ველი 21518
003 - საკონტროლო ნომრის იდენტიფიკატორი
საკონტროლო ველი GE_BSU
005 - ბოლო ოპერაციის თარიღი და დრო
საკონტროლო ველი 20250924161149.0
008 - ფიქსირებული სიგრძის მონაცემთა ელემენტები - ზოგადი ინფორმაცია
ფიქსირებული სიგრძის საკონტროლო ველი 181216s2017||||ge |||||||||||||| ||geo||
040 ## - კატალოგიზაციის წყარო
Transcribing agency GE_BSU
041 ## - ენის კოდი
Language code of text/sound track or separate title geo
080 ## - უნივერსალური ათობითი კლასიფიკაციის ინდექსი
Universal Decimal Classification number 331.104 თ-35
245 ## - ცნობა სათაურის შესახებ
Title თარგმანების კრებული /
Statement of responsibility, etc ა. იანგი, ლ. აბუ-ლუღოდი, ფედერიჩი, და სხვ. ; კრებ. შემდგ. მაია ბარქაია.
260 ## - გამოქვეყნების, გავრცელების, და სხვა. ცნობები
Place of publication, distribution, etc თბილისი
260 ## - გამოქვეყნების, გავრცელების, და სხვა. ცნობები
Date of publication, distribution, etc 2017
300 ## - ფიზიკური აღწერა
Extent 149 გვ. 20სმ.
653 ## - INDEX TERM--UNCONTROLLED
Uncontrolled term თარგმანების კრებული
653 ## - INDEX TERM--UNCONTROLLED
Uncontrolled term შრომა
653 ## - INDEX TERM--UNCONTROLLED
Uncontrolled term დასაქმება
653 ## - INDEX TERM--UNCONTROLLED
Uncontrolled term სამუშაო
700 ## - ADDED ENTRY--PERSONAL NAME
Personal name იანგი, ა.
Relator term ავტორი
9 (RLIN) 13063
700 ## - ADDED ENTRY--PERSONAL NAME
Personal name აბუ-ლუღოდი, ლ.
Relator term ავტორი
9 (RLIN) 13064
700 ## - ADDED ENTRY--PERSONAL NAME
Personal name ბარქაია, მაია
Relator term შემდგენელი
9 (RLIN) 13065
710 ## - ADDED ENTRY--CORPORATE NAME
Corporate name or jurisdiction name as entry element ადამიანის უფლებების სწავლებისა და მონიტორინგის ცენტრი
9 (RLIN) 13055
856 ## - ELECTRONIC LOCATION AND ACCESS
Uniform Resource Identifier https://socialjustice.org.ge/uploads/products/pdf/%E1%83%97%E1%83%90%E1%83%A0%E1%83%92%E1%83%9B%E1%83%90%E1%83%9C%E1%83%94%E1%83%91%E1%83%98%E1%83%A1-%E1%83%99%E1%83%A0%E1%83%94%E1%83%91%E1%83%A3%E1%83%9A%E1%83%98.pdf
Link text ელექტრონული ვერსია
942 ## - ADDED ENTRY ELEMENTS (KOHA)
Koha item type წიგნი
Source of classification or shelving scheme
ეგზემპლარები
ჩამოწერის სტატუსი დაკარგული ეგზემპლარის სტატუსი კლასიფიკაციის წყარო ან თაროზე გაწყობის სქემა დაზიანების სტატუსი არ გაიცემა მუდმივი მდებარეობა (დაცვის ადგილი) ამჟამინდელი ადგილსამყოფელი თაროზე განთავსების ადგილი შეძენის თარიღი ღირებულება, შესყიდვის ნორმალური ფასი სრული შენახვის შიფრი შტრიხკოდი ბოლო ოპერაციის თარიღი ეგზემპლარის მიმდევრობითი ნომერი (კეტერი?) ფასის ძალაში შესვლის თარიღი ეგზემპლარის სახეობა საჯარო შენიშვნა
          ბათუმის შოთა რუსთაველის სახელმწიფო უნივერსიტეტის მთავარი ბიბლიოთეკა ბათუმის შოთა რუსთაველის სახელმწიფო უნივერსიტეტის მთავარი ბიბლიოთეკა წიგნსაცავი 2018-12-17 7.00 331.104 თ-35 55480 2018-12-17 55480 2018-12-17 წიგნი 7.00 ₾.